A first year engineering drawing / (Record no. 178501)
[ view plain ]
| 000 -LEADER | |
|---|---|
| fixed length control field | 00594 a2200193 4500 |
| 003 - CONTROL NUMBER IDENTIFIER | |
| control field | Nust |
| 005 - DATE AND TIME OF LATEST TRANSACTION | |
| control field | 20221014123803.0 |
| 040 ## - CATALOGING SOURCE | |
| Transcribing agency | Nust |
| 082 ## - DEWEY DECIMAL CLASSIFICATION NUMBER | |
| Classification number | 604.2,PAR |
| 100 ## - MAIN ENTRY--PERSONAL NAME | |
| Personal name | Parkinson,.A.C |
| 9 (RLIN) | 40152 |
| 245 ## - TITLE STATEMENT | |
| Title | A first year engineering drawing / |
| Statement of responsibility, etc. | Parkinson, Albert Charles. |
| 250 ## - EDITION STATEMENT | |
| Edition statement | 6th ed |
| 260 ## - PUBLICATION, DISTRIBUTION, ETC. | |
| Place of publication, distribution, etc. | London, |
| Name of publisher, distributor, etc. | English Universities press |
| Date of publication, distribution, etc. | 1933 |
| 300 ## - PHYSICAL DESCRIPTION | |
| Extent | 190p |
| 505 ## - FORMATTED CONTENTS NOTE | |
| Formatted contents note | Part 1: The Graphic Design (Page-1), Part 2: Machine Drawing (Page-45), |
| 600 ## - SUBJECT ADDED ENTRY--PERSONAL NAME | |
| Personal name | Parkinson, Albert Charles. [from old catalog] |
| 9 (RLIN) | 38567 |
| 650 ## - SUBJECT ADDED ENTRY--TOPICAL TERM | |
| Topical term or geographic name entry element | Engineering drawing |
| 9 (RLIN) | 73872 |
| 942 ## - ADDED ENTRY ELEMENTS (KOHA) | |
| Source of classification or shelving scheme | |
| Koha item type | Book |
| Withdrawn status | Lost status | Source of classification or shelving scheme | Damaged status | Not for loan | Collection code | Permanent Location | Current Location | Date acquired | Total Checkouts | Full call number | Barcode | Date last seen | Price effective from | Koha item type | Shelving location | Public note |
|---|---|---|---|---|---|---|---|---|---|---|---|---|---|---|---|---|
| Military College of Signals (MCS) | Military College of Signals (MCS) | 12/12/2016 | 604.2 PAR | MCS14207 | 12/08/2016 | 12/12/2016 | Book | |||||||||
| Military College of Signals (MCS) | Military College of Signals (MCS) | 12/12/2016 | 604.2 PAR | MCS14208 | 12/08/2016 | 12/12/2016 | Book | |||||||||
| Military College of Signals (MCS) | Military College of Signals (MCS) | 12/12/2016 | 604.2,PAR | MCS14209 | 12/08/2016 | 12/12/2016 | Book | General Stacks | Almirah No.26, Shelf No.2 | |||||||
| Military College of Signals (MCS) | Military College of Signals (MCS) | 12/12/2016 | 604.2 PAR | MCS14210 | 12/08/2016 | 12/12/2016 | Book | |||||||||
| Military College of Signals (MCS) | Military College of Signals (MCS) | 12/12/2016 | 604.2 PAR | MCS14211 | 12/08/2016 | 12/12/2016 | Book |
